书目信息 |
| 题名: |
消费心理学
|
|
| 作者: | 李晓霞 , 刘剑 , 赵仕红 主编 | |
| 分册: | ||
| 出版信息: | 北京 清华大学出版社 2018 |
|
| 页数: | 11,305页 | |
| 开本: | 23cm | |
| 丛书名: | ||
| 单 册: | ||
| 中图分类: | F713.55 | |
| 科图分类: | ||
| 主题词: | 消费心理学--高等学校--教材 | |
| 电子资源: | ||
| ISBN: | 978-7-302-49398-3 | |
| 000 | 01013nam0 2200277 450 | |
| 001 | 012001004253 | |
| 005 | 20180929091425.70 | |
| 010 | @a978-7-302-49398-3@dCNY38.00 | |
| 100 | @a20180714d2018 em y0chiy50 ea | |
| 101 | 0 | @achi |
| 102 | @aCN@b110000 | |
| 105 | @ay z 000yy | |
| 106 | @ar | |
| 200 | 1 | @a消费心理学@9xiao fei xin li xue@f李晓霞,刘剑,赵仕红主编 |
| 205 | @a3版 | |
| 210 | @a北京@c清华大学出版社@d2018 | |
| 215 | @a11,305页@d23cm | |
| 300 | @a高等学校应用型特色规划教材 经管系列 | |
| 330 | @a本书分析了消费心理学的研究对象、研究内容及现实意义。研究影响消费者购买行为的内在心理因素、消费者个性心理活动过程和个性心理特征;分析了消费者群体、商品品牌、价格、营销场景、营销服务、营销信息传播等外部因素对消费者心理的影响。 | |
| 606 | 0 | @a消费心理学@x高等学校@j教材 |
| 690 | @aF713.55@v5 | |
| 701 | 0 | @a李晓霞@9li xiao xia@4主编 |
| 701 | 0 | @a刘剑@9liu jian@4主编 |
| 701 | 0 | @a赵仕红@9zhao shi hong@4主编 |
| 801 | 0 | @aCN@b上海新华@c20180901 |
| 905 | @b1164607-11@dF713.55@e1081=3@f5 | |
| 消费心理学/李晓霞,刘剑,赵仕红主编.-3版.-北京:清华大学出版社,2018 |
| 11,305页;23cm |
| 高等学校应用型特色规划教材 经管系列 |
| ISBN 978-7-302-49398-3:CNY38.00 |
| 本书分析了消费心理学的研究对象、研究内容及现实意义。研究影响消费者购买行为的内在心理因素、消费者个性心理活动过程和个性心理特征;分析了消费者群体、商品品牌、价格、营销场景、营销服务、营销信息传播等外部因素对消费者心理的影响。 |
| ● |
| 相关链接 |
|
|
|
|
正题名:消费心理学
索取号:F713.55/1081=3
 
预约/预借
| 序号 | 登录号 | 条形码 | 馆藏地/架位号 | 状态 | 备注 |
| 1 | 1164607 | 211646076 | 第一样本阅览室/ [索取号:F713.55/1081=3] | 在馆 | |
| 2 | 1164608 | 211646085 | 第一借阅区/ [索取号:F713.55/1081=3] | 在馆 | |
| 3 | 1164609 | 211646094 | 第一借阅区/ [索取号:F713.55/1081=3] | 在馆 | |
| 4 | 1164610 | 211646101 | 密集书库-海洋学院/ [索取号:F713.55/1081=3] | 在馆 | |
| 5 | 1164611 | 211646110 | 第一借阅区/ [索取号:F713.55/1081=3] | 在馆 |